[Event "Volme op-E"]
[Site "Schalksmuehle"]
[Date "2007.08.26"]
[Round "4"]
[White "Stremmel, Guenter"]
[Black "Henning, Peter"]
[Result "0-1"]
[WhiteElo "1648"]
[BlackElo "1655"]
[PlyCount "96"]
[EventDate "2007.08.24"]
[EventType "tourn"]
[EventRounds "5"]
[EventCountry "GER"]
[SourceTitle "EXT 2009"]
[Source "ChessBase"]
[SourceDate "2008.11.26"]
[SourceVersion "1"]
[SourceVersionDate "2008.11.26"]
[SourceQuality "1"]

1. e4 c5 2. Nf3 Nc6 3. d4 cxd4 4. Nxd4 Nf6 5. Nc3 e5 6. Nxc6 bxc6 7. Bc4 Bb4 8. Bg5 Qa5 9. Bd2 Qc7 10. f3 0-0 11. 0-0 Bb7 12. Bg5 Be7 13. Bxf6 Bxf6 14. Bb3 Rad8 15. Kh1 Qa5 16. Qd6 Rfe8 17. Qa3 Qxa3 18. bxa3 d5 19. Rfd1 d4 20. Ne2 Ba6 21. Nc1 c5 22. Bd5 Rb8 23. Nb3 Rec8 24. Rab1 Be7 25. Na5 Rb6 26. Bc4 Rcb8 27. Rb3 Rxb3 28. axb3 Bb7 29. Nxb7 Rxb7 30. Kg1 Kf8 31. Kf2 Bg5 32. Ke2 Rb6 33. Kf1 a5 34. a4 h5 35. h3 h4 36. Re1 Be3 37. Rd1 g6 38. Bd3 Kg7 39. Re1 Kh6 40. Rxe3 dxe3 41. Ke2 Kg5 42. Kxe3 Rd6 43. Be2 f5 44. Bd3 Rd4 45. Ke2 Kf4 46. exf5 gxf5 47. Kf2 e4 48. fxe4 fxe4 0-1